| 000 | 00444cam a22001337a 4500 | ||
|---|---|---|---|
| 008 | 180718b2001 xxu||||| |||| 00| 0 eng d | ||
| 082 | _aAPPPA 2000-01 VAS/30 | ||
| 100 | _aVas, Loretta M. | ||
| 245 |
_aSmall scale industries and the challenge of liberalization _cby Loretta M. Vas |
||
| 260 |
_aNew Delhi _bIndian Institute of Public Administration _c2001 |
||
| 300 | _a99p. | ||
| 650 | _aLiberalization | ||
| 650 | _aIndia - Small-scale industry | ||
| 999 |
_c490935 _d490935 |
||